LEADER 00870nam a2200241 i 4500 001 000000245215 003 CaOOAMICUS 005 20150929000000.0 008 150929s1979 it u000 u ita u 013 $a224120 040 $aSeMil$bita 100 1 $aTestori, Giovanni,$d<1923-1993>.$0(OLS)http://semarc/name/6487 245 10$aInterrogatorio a Maria /$cGiovanni Testori. 260 $aMilano :$bRizzoli,$c1979. 300 $a59 p. ;$c18 cm. 500 $aFondo card. Giovanni Colombo. 650 4$aPoesia religiosa.$0(OLS)http://semarc/subject/6824 850 $aSeMil 852 $aSeMil$W1$xVenegono$y1$m3GC I 506$j195561$B195561$CSeMilBibl$Z2$F206237 $8B 941 1 $a3 961 $aLascito: Colombo Card. Giovanni 996 $6245$aInterrogatorio a Maria$9(OLS)http://semarc/title/119188 996 $6260$aMilano :$bRizzoli$9(OLS)http://semarc/publisher/29824 LEADER 01254nam a2200265 i 4500 001 000000106440 003 CaOOAMICUS 005 20020731000000.0 008 020731s2001 it u000 u ita u 013 $a78634 020 $a88-7653-100-9 040 $aSeMil$bita 100 1 $aTosato, Angelo.$0(OLS)http://semarc/name/37791 245 13$aIl matrimonio israelitico :$buna teoria generale : nuova prefazione, presentazione e bibliografia /$cAngelo Tosato. 260 $aRoma :$bPontificio Istituto Biblico,$c2001. 300 $aXXVI, 274 p. ;$c24 cm. 490 0 $aAnalecta Biblica : investigationes scientificae in res biblicas ;$v100 650 4$aBibbia - Tema [del] Matrimonio.$0(OLS)http://semarc/subject/5977 830 0$aAnalecta biblica ;$v100.$0(OLS)http://semarc/title/6 850 $aSeMil 852 $aSeMil$W1$xVenegono$y1$m2HA G 100/A$j265819$B62575$CSeMilBibl$Z2$F71903 $81 961 $aAcquisto: Pontificio Istituto Biblico 996 $6020$a88-7653-100-9$9(OLS)http://semarc/number/87089 996 $6245$aIl matrimonio israelitico :$buna teoria generale : nuova prefazione, presentazione e bibliografia$9(OLS)http://semarc/title/154360 996 $6260$aRoma :$bPontificio Istituto Biblico$9(OLS)http://semarc/publisher/30489